000
00273nam a2200109Ia 4500
001
1261183
005
20260417140347.0
008
260417s9999 xx 000 0 und d
020
_a
9789754054064
245
0
_a
Cinayetler Oteli
_c
Agatha Christie
260
_b
Altın Kitaplar
999
_c
1261183
_d
1261183